Stati per PIL (nominale) pro capite - Statistics

Statistiche generali
  • Questo quiz è stato fatto 16 volte
  • Il punteggio medio è 12 su 15
Statistiche sulle risposte
PIL nominale pro capite ($US) Continente Nazione % Corretto
135 605 Europa Lussemburgo
93%
80 412 America del Nord Stati Uniti
93%
63 487 Oceania Australia
87%
54 507 Europa Finlandia
87%
99 266 Europa Norvegia
87%
61 770 Europa Paesi Bassi
87%
58 541 Europa San Marino
87%
55 216 Europa Svezia
87%
102 865 Europa Svizzera
87%
112 248 Europa Irlanda
80%
71 402 Europa Danimarca
73%
78 837 Europa Islanda
73%
81 968 Asia Qatar
73%
87 884 Asia Singapore
73%
58 013 Europa Austria
67%
Nessun quiz corrispondente trovato
Distribuzione punteggi
Percentuale di utenti per punteggio
Percentile per numero di risposta
I tuoi punteggi nel tempo
Non hai fatto questo quiz